000 00922 a2200253 4500
005 20251211141519.0
008 251211b |||||||| |||| 00| 0 eng d
020 _a9781041027492 (hbk)
037 _cTB
040 _aCRL
_cCRL
041 _2eng
_aeng
084 _aV495:194N67.P1 R5
245 _aIndia, South Korea and the Asean:
_bmiddle power diplomacy in the Indo - pacific
260 _aLondon, UK;
_aNew York, USA:
_bRoutledge,
_c2025.
300 _axi, 208p.
365 _b1295.00
_cINR
650 _aHistory
_9855952
650 _aHistory South Korea
_9855953
650 _aForeign Policy
_9855954
700 _aPant, Harsh V.
_eeditor.
_9855955
700 _aSaha, Premesha
_eeditor.
_9855956
942 _cTB
_2CC
_n0
_hV495:194N67.P1 R5
999 _c1464398
_d1464398